00334nam a2200121Ia 4500008004100000041000800041082001200049100001000061245007200071260003300143300001900176999001700195241028s9999 xx 000 0 und d aeng a332 ARO aArora aFinancial Risk Analytics: Measurement, Management And Examples In R bWiley IndiaaNew Delhic2022 a421;. P. 23 cm c43047d43047